[Event "RSA-ch U12"]
[Site "Gauteng"]
[Date "2017.04.10"]
[Round "9"]
[White "Meise, Keagen"]
[Black "Kruger, Matthew"]
[Result "1/2-1/2"]
[WhiteElo "1006"]
[BlackElo "1268"]
[PlyCount "79"]
[EventDate "2017.04.05"]
[EventType "swiss"]
[EventRounds "11"]
[EventCountry "RSA"]
[SourceTitle "CBM 177 Extra"]
[Source "ChessBase"]
[SourceDate "2017.04.27"]
[SourceVersion "1"]
[SourceVersionDate "2017.04.27"]
[SourceQuality "1"]

1. d4 Nf6 2. c4 e6 3. Bg5 Be7 4. Nc3 b6 5. e3 Bb7 6. Nf3 0-0 7. Be2 d5 8. 0-0 Nbd7 9. cxd5 Nxd5 10. Bxe7 Qxe7 11. Nxd5 Bxd5 12. a3 Rfd8 13. Rc1 c5 14. Bc4 Bxf3 15. Qxf3 cxd4 16. exd4 Nf6 17. Rfd1 Rac8 18. h3 h6 19. Qe3 Qd7 20. f3 Nd5 21. Bxd5 Qxd5 22. Rxc8 Rxc8 23. Qe5 Rd8 24. Qxd5 Rxd5 25. Kf2 Kh7 26. Ke3 Kg6 27. g4 Kg5 28. Rc1 Rd7 29. Rh1 Kh4 30. Rg1 Kxh3 31. g5 hxg5 32. Rxg5 g6 33. f4 Rd5 34. Rg1 Rb5 35. b4 Kh2 36. Rg4 Rh5 37. Kf2 Rh3 38. Rg2+ Kh1 39. Rg1+ Kh2 40. Rg2+ 1/2-1/2

[Event "RSA-chT U12"]
[Site "Cape Town"]
[Date "2016.01.06"]
[Round "6.3"]
[White "Cordier, Christian"]
[Black "Kruger, Matthew"]
[Result "0-1"]
[WhiteElo "1035"]
[BlackElo "1038"]
[PlyCount "43"]
[EventDate "2016.01.04"]
[EventType "team-tourn"]
[EventRounds "7"]
[EventCountry "RSA"]
[SourceTitle "CBM 170 Extra"]
[Source "ChessBase"]
[SourceDate "2016.02.25"]
[SourceVersion "1"]
[SourceVersionDate "2016.02.25"]
[SourceQuality "1"]
[WhiteTeam "Kenneth Kaunda"]
[BlackTeam "Nelson Mandela Bay"]
[WhiteTeamCountry "RSA"]
[BlackTeamCountry "RSA"]

1. d4 Nf6 2. Nf3 g6 3. c3 d5 4. Qc2 Bf5 5. Qd1 Bg7 6. Nbd2 0-0 7. e3 Nbd7 8. b3 c5 9. Bb2 Rc8 10. c4 dxc4 11. Nxc4 b5 12. Ncd2 a6 13. Be2 cxd4 14. Nxd4 Be4 15. N2f3 e5 16. Bd3 exd4 17. Bxe4 Nxe4 18. Bxd4 Bxd4 19. Nxd4 Ndf6 20. 0-0 Rb8 21. Nf3 Qxd1 22. Rfxd1 0-1